The Simpsons Classroom Allocation Quiz Stats

 Plays Quiz Updated Sep 13, 2017

Challenge
Share
Tweet
Embed
Score 0/16 Timer 04:00
5 Plays Today
Child Class (B, L, or N) % Correct
Milhouse Van Houten???
90.6%
Nelson Muntz???
90.6%
Ralph Wiggum???
84.4%
Martin Prince???
77.5%
Janey Powell???
66.7%
Allison Taylor???
61.2%
Wendell Borton???
57.3%
Sherri Mackleberry???
56.8%
Child Class (B, L, or N) % Correct
Todd Flanders???
50.7%
Lewis Clark???
48.6%
Mary Spuckler???
45.3%
Greta Wolfcastle???
44.6%
Dolph Starbeam???
41.5%
Alex Whitney???
37.1%
Jessica Lovejoy???
27.9%
Chuck???
18.7%

You're not logged in!

Compare scores with friends on all Sporcle quizzes.
OR
Log In

You Might Also Like...

Show Comments

Extras

Top Quizzes Today


Score Distribution

Your Account Isn't Verified!

In order to create a playlist on Sporcle, you need to verify the email address you used during registration. Go to your Sporcle Settings to finish the process.

Report this User

Report this user for behavior that violates our Community Guidelines.

Details: